000 00672nam a22001577a 4500
999 _c63368
_d63368
003 Ge_BSU
005 20250925183907.0
008 250925s1968 ge ||||| |||| 00| 0 geo d
041 _ageo
080 _a330.1(075.9) პ-56
245 _aპოლიტიკური ეკონომია :
_bსახელმძღვანელო არაეკონომიკური უმაღლესი სასწავლბლებისათვის.
_c
264 _aთბ. :
_bგანათლება,
_c1986.
300 _a715 გვ.;
_b22 სმ.
653 _aპოლიტიკური ეკონომია
942 _2udc
_cᲬᲘᲒᲜᲘ